Τα πρώτα σοσιαλιστικά προγράμματα και καταστατικά
Saved in:
| Other Authors: | |
|---|---|
| Format: | Book |
| Language: | Greek |
| Published: |
[Αθήνα] :
Οδυσσέας,
1975
|
| Series: | Ιστορία του εργατικού κινήματο. Ντοκουμέντα
|
| Subjects: | |
| Tags: |
Add Tag
No Tags, Be the first to tag this record!
|
MARC
| LEADER | 00000cam a2200000 i 4500 | ||
|---|---|---|---|
| 001 | 1/30327 | ||
| 008 | 060529s1975 gr | ||| |||| ||gre|| | ||
| 035 | |l 10084120 | ||
| 040 | |a GR-MY-UA |b gre |e aacr | ||
| 041 | 0 | |a gre | |
| 082 | 0 | |a 324.243074 |2 (22) | |
| 245 | 1 | 3 | |a Τα πρώτα σοσιαλιστικά προγράμματα και καταστατικά / |c μετάφραση Δημήτρης Κουνελάκης |
| 246 | 3 | 4 | |a Πρώτα σοσιαλιστικά προγράμματα και καταστατικά |b ; περίοδος ΙΙ διεθνούς |
| 260 | |a [Αθήνα] : |b Οδυσσέας, |c 1975 | ||
| 300 | |a 48 σ.; |c 18 εκ. | ||
| 490 | 1 | |a Ιστορία του εργατικού κινήματος. Ντοκουμέντα | |
| 610 | 2 | 0 | |a Communist International. |
| 610 | 2 | 0 | |a Sozialdemokratische Partei Deutschlands. |
| 650 | 0 | 0 | |a Socialist parties |x History. |
| 650 | 0 | 0 | |a Socialist parties |z Germany |x Platforms. |
| 650 | 0 | 0 | |a Socialist parties |z Italy |x Platforms. |
| 650 | 0 | 0 | |a Socialist parties |z Russia |x Platforms. |
| 700 | 1 | |a Κουνελάκης, Δημήτρης. |4 trl | |
| 830 | 0 | |a Ιστορία του εργατικού κινήματο. Ντοκουμέντα | |
| 852 | |a INST |b LESVOS |e 20060529 |h 324.243074 ΠΡΩ |p 005100035065 |q 005100035065 |t BK |y 0 | ||
| 901 | |a BIBL1-2006-2 | ||
| 909 | |a Λ |b 124054 | ||
| 970 | |a ΚΑΡΑ |b ΓΙΑΣΕΜΗ |z 2006/05/29 | ||